The mind and its depths

Saved in:
Bibliographic Details
Main Author: Wollheim, Richard, 1923-2003
Format: Book
Language:English
Published: Cambridge : Harvard University Press, 1994
Subjects:
Tags: Add Tag
No Tags, Be the first to tag this record!

MARC

LEADER 00000nam a2200000 i 4500
001 1/102030
008 950428s1994 eng d
020 |a 0-674-57612-8 
035 |l 10012342 
040 |a GR-MY-UA  |b gre  |e aacr 
041 0 |a eng 
082 0 |a 128.2 
100 1 |a Wollheim, Richard,   |d 1923-2003. 
245 1 4 |a The mind and its depths /  |c Richard Wollheim 
260 |a Cambridge :   |b Harvard University Press,   |c 1994 
300 |a 214 p. 
504 |a Includes bibliographical references and index 
650 0 0 |a Philosophy of mind. 
650 0 0 |a Arts  |x Psychological aspects. 
650 0 0 |a Psychoanalysis. 
650 0 0 |a Psychology and philosophy. 
852 |a INST  |b LESVOS  |e 19950428  |h 128.2 WOL  |p 005100000430  |q 005100000430  |t BK  |y 0 
909 |a Λ  |b 040961 
950 |a 140-1995-02-23